INNOVATORS HOW A ROUP OF HACKERS GENIUSE (Record no. 24004)

MARC details
000 -LEADER
fixed length control field 00374nam a2200133Ia 4500
008 - FIXED-LENGTH DATA ELEMENTS--GENERAL INFORMATION
fixed length control field 240624s9999 xx 000 0 und d
041 ## - LANGUAGE CODE
Language code of text/sound track or separate title eng
082 ## - DEWEY DECIMAL CLASSIFICATION NUMBER
Classification number 658.4063 ISA
100 ## - MAIN ENTRY--PERSONAL NAME
Personal name ISAACSON WALTER
245 ## - TITLE STATEMENT
Title INNOVATORS HOW A ROUP OF HACKERS GENIUSE
260 ## - PUBLICATION, DISTRIBUTION, ETC.
Date of publication, distribution, etc. 2014
Place of publication, distribution, etc. and geeks created the digital revolution
Name of publisher, distributor, etc. Simon &Schuster
300 ## - PHYSICAL DESCRIPTION
Extent 560 : p.
365 ## - TRADE PRICE
Currency code RS
Price amount 25
Holdings
Withdrawn status Lost status Damaged status Not for loan Home library Current library Shelving location Date acquired Source of acquisition Cost, normal purchase price Full call number Barcode Date last seen Copy number Price effective from Koha item type
        IMTN IMTN Rack 31-B 01/08/2015 WBD 799.00 658.4063 ISA 24004 06/24/2024 1 06/24/2024 Books
Designed & Maintained by: LRC IMT Nagpur Contact: lrc@imtnag.ac.in© 2024. All Rights Reserved.